000 01250cam a2200397Ia 4500
001 49992385
003 OCoLC
005 20180824193306.0
008 020613s1999 sp a j 000 0 spa d
020 _a847864377X (pbk.)
020 _a9788478643776 (pbk.)
040 _aTOL
_beng
_cTOL
_dOCLCQ
_dBAKER
_dBTCTA
_dYOL
041 1 _aspa
_hund
043 _ae-gx---
050 4 _aPZ74
_b.C37x 1999
082 4 _a398.21
092 _aSP E CAP
100 1 _aCapellades, Enriqueta.
245 1 0 _aHansel y Grethel /
_c[ilustraciones, Margarita Ruiz ; adaptacion, Enriqueta Capellades y Angelina Gatell].
250 _a1. ed.
260 _aBarcelona :
_bEditorial Esin,
_c1999.
300 _a1 volume (unpaged) :
_bchiefly color illustrations ;
_c26 cm.
336 _atext
_btxt
_2rdacontent.
337 _aunmediated
_bn
_2rdamedia.
338 _avolume
_bnc
_2rdacarrier.
490 1 _aColeccion troquelados clasicos ;
_v20.
500 _aCover title.
650 0 _aFairy tales.
650 0 _aFolklore
_zGermany.
650 1 _aSpanish language materials.
700 1 _aGatell, Angelina,
_d1926-
700 1 _aRuiz, Margarita.
730 0 _aHansel and Gretel.
_lSpanish.
830 0 _aColeccion Troquelados clasicos ;
_v20.
942 _cBK
999 _c21240
_d21240